[Event "29th Czech Open A 2018"]
[Site "Pardubice CZE"]
[Date "2018.07.27"]
[Round "8.48"]
[White "Gorbatov, Alexej"]
[Black "Vusatiuk, Vladimir"]
[Result "0-1"]
[WhiteTitle "IM"]
[BlackTitle "IM"]
[WhiteElo "2409"]
[BlackElo "2321"]
[WhiteFideId "4111834"]
[BlackFideId "14118610"]
[EventDate "2018.07.20"]

1. c4 e6 2. Nf3 d5 3. d4 Nf6 4. Nc3 Be7 5. Bf4 O-O 6. e3 c5 7. dxc5 Qa5 8. Nd2
dxc4 9. Bxc4 Qxc5 10. Qe2 Nc6 11. Nb3 Qh5 12. O-O-O Qxe2 13. Bxe2 e5 14. Bg3 Be6
15. Bf3 Nb4 16. Kb1 e4 17. Be2 Nfd5 18. Nxd5 Bxd5 19. Rd4 Rac8 20. Rhd1 Be6 21.
Bd6 Bxd6 22. Rxd6 Rc2 23. Nc1 Rc7 24. a3 Nc6 25. Na2 Bb3 26. R1d2 f5 27. Nc1 Bf7
28. Rd7 Rfc8 29. g4 Rxd7 30. Rxd7 fxg4 31. Rxb7 Ne5 32. Rxa7 Nf3 33. b4 Nxh2 34.
b5 Rb8 35. Na2 h5 36. Nb4 h4 37. Nc6 g3 38. fxg3 hxg3 39. Rd7 Be8 40. Bc4+ Kf8
41. Nxb8 Bxd7 42. Nxd7+ Ke7 43. Nc5 g2 44. b6 g1=Q+ 45. Kb2 Qf2+ 46. Kb1 Qe1+
47. Kb2 Kd6 48. b7 Kc7 49. Kb3 Qa5 50. Nxe4 Kxb7 0-1

[Event "29th Czech Open A 2018"]
[Site "Pardubice CZE"]
[Date "2018.07.27"]
[Round "8.49"]
[White "Dhulipalla, Bala Chandra Prasad"]
[Black "Tomazini, Zan"]
[Result "1-0"]
[WhiteTitle "IM"]
[BlackTitle "IM"]
[WhiteElo "2268"]
[BlackElo "2406"]
[WhiteFideId "25005812"]
[BlackFideId "14608162"]
[EventDate "2018.07.20"]

1. d4 Nf6 2. c4 g6 3. g3 Bg7 4. Bg2 O-O 5. Nc3 d6 6. Nf3 Nc6 7. O-O Bf5 8. d5
Na5 9. Nd2 c6 10. b4 Nxc4 11. Nxc4 Nxd5 12. Nxd5 Bxa1 13. Bh6 Bg7 14. Bxg7 Kxg7
15. Nde3 Be6 16. Qd2 f6 17. b5 d5 18. Na5 Qb6 19. bxc6 bxc6 20. Nb3 Rfd8 21. Rc1
Rab8 22. Nd1 Rd6 23. Nb2 Qb4 24. Qc2 Bf5 25. Nd3 Qa4 26. Qd2 Qa3 27. h3 Rb6 28.
Ndc5 Rb4 29. g4 Bc8 30. Qe3 Kf7 31. Qh6 Kg8 32. Qe3 Kf7 33. Qd3 Be6 34. Rc2 Rc4
35. Nxe6 Rxc2 36. Qxc2 Kxe6 37. Nc5+ Kf7 38. Nb7 Ke6 39. e4 d4 40. Nxd6 Qxd6 41.
e5 Qxe5 42. Qc4+ Kd7 43. Qxc6+ Kd8 44. Qa8+ Kd7 45. Qxa7+ Ke6 46. Qb6+ Kf7 47.
Qb3+ Kg7 48. Qd5 Qe1+ 49. Bf1 e5 50. Qd6 f5 51. Qe7+ Kh6 52. gxf5 d3 53. Qh4+
Kg7 54. f6+ Kf7 55. Qc4+ Kxf6 56. Qxd3 h5 57. Kg2 e4 58. Qe3 Qb1 59. Bc4 Kg7 60.
Bd5 h4 61. Qxe4 Qa1 62. Qe7+ Kh6 63. Qxh4+ Kg7 64. Qe7+ Kh6 65. h4 Qb2 66. Qf8+
Kh5 67. Bf3+ 1-0

[Event "29th Czech Open A 2018"]
[Site "Pardubice CZE"]
[Date "2018.07.27"]
[Round "8.50"]
[White "Volotovsky, Kirill"]
[Black "Popov, Mikhail"]
[Result "0-1"]
[BlackTitle "FM"]
[WhiteElo "2214"]
[BlackElo "2404"]
[WhiteFideId "14151634"]
[BlackFideId "4146182"]
[EventDate "2018.07.20"]

1. e4 e5 2. Nf3 Nc6 3. Bb5 a6 4. Ba4 b5 5. Bb3 g6 6. d4 exd4 7. Nxd4 Na5 8. O-O
Bg7 9. c3 Ne7 10. Bg5 Nxb3 11. axb3 Bb7 12. b4 h6 13. Bh4 O-O 14. Re1 d6 15. Na3
Qe8 16. Nac2 Nc8 17. f3 Nb6 18. Ne3 Qc8 19. Qd2 Kh7 20. Ng4 Nd7 21. Qf4 Ne5 22.
Bf6 Nxg4 23. Bxg7 Kxg7 24. fxg4 Qd7 25. Re3 Rae8 26. Rh3 Rh8 27. Rf1 Rxe4 28.
Qf6+ Kg8 29. Rg3 Qe7 30. Qf2 c5 31. bxc5 dxc5 32. Nb3 Re5 33. Rd1 Kg7 34. Nc1
Re8 35. Nd3 Rd8 36. Rf1 Rxd3 37. Rxd3 Re2 38. Rd2 Rxf2 39. Rdxf2 Bd5 40. h3 a5
41. Rd2 Be6 42. Ra1 a4 43. Rf2 Qd6 44. Re1 Qd5 45. Ref1 h5 46. gxh5 Qxh5 47. Rf4
Qe5 48. R4f2 a3 49. bxa3 Qxc3 50. Rb1 Bc4 51. Rf3 Qc2 52. Re1 Bd5 53. Rg3 b4 54.
axb4 cxb4 55. Rg5 Qd2 56. Ree5 Bxg2 57. Rxg2 Qd4+ 0-1

[Event "29th Czech Open A 2018"]
[Site "Pardubice CZE"]
[Date "2018.07.27"]
[Round "8.51"]
[White "Manik, Mikulas"]
[Black "Nyysti, Sampsa"]
[Result "1/2-1/2"]
[WhiteTitle "GM"]
[BlackTitle "IM"]
[WhiteElo "2400"]
[BlackElo "2314"]
[WhiteFideId "14900734"]
[BlackFideId "502138"]
[EventDate "2018.07.20"]

1. e4 e5 2. Nf3 Nc6 3. Bb5 f5 4. d3 fxe4 5. dxe4 Nf6 6. O-O d6 7. a4 Be7 8. Nc3
Bg4 9. Qd3 Bxf3 10. Qxf3 O-O 11. Qd1 Kh8 12. Be3 Qd7 13. f3 a6 14. Bc4 Nh5 15.
g3 Rf6 16. Rf2 1/2-1/2

[Event "29th Czech Open A 2018"]
[Site "Pardubice CZE"]
[Date "2018.07.27"]
[Round "8.52"]
[White "Moravec, Vit"]
[Black "Grekh, Andrey"]
[Result "1/2-1/2"]
[BlackTitle "IM"]
[WhiteElo "2189"]
[BlackElo "2400"]
[WhiteFideId "331481"]
[BlackFideId "14112418"]
[EventDate "2018.07.20"]

1. d4 Nf6 2. c4 e6 3. Nc3 Bb4 4. Qc2 d5 5. cxd5 exd5 6. Bg5 h6 7. Bxf6 Qxf6 8.
a3 Bxc3+ 9. Qxc3 O-O 10. e3 Nc6 11. Ne2 Re8 12. Rd1 Bg4 13. Rd2 h5 14. Nc1 h4
15. h3 Bf5 16. Bd3 Bxd3 17. Nxd3 Nd8 18. O-O c6 19. b4 Ne6 20. Nc5 Ng5 21. Rb2
Re7 22. b5 b6 23. Na4 Re6 24. Qd3 Rd8 25. bxc6 Rxc6 26. Rc2 Rdc8 27. Rfc1 Ne4
28. f3 Ng3 29. Kf2 Rxc2+ 30. Rxc2 Re8 31. Nc3 Qg5 32. Ne2 f5 33. Nf4 Nh5 34.
Nxh5 Qxh5 35. Qb5 Qf7 36. Qc6 f4 37. exf4 Re6 38. Qa8+ Kh7 39. Re2 Rxe2+ 40.
Kxe2 Qg6 41. Qxd5 1/2-1/2

[Event "29th Czech Open A 2018"]
[Site "Pardubice CZE"]
[Date "2018.07.27"]
[Round "8.53"]
[White "Biriukov, Nikolai"]
[Black "Haring, Filip"]
[Result "1-0"]
[WhiteTitle "IM"]
[BlackTitle "FM"]
[WhiteElo "2398"]
[BlackElo "2310"]
[WhiteFideId "14103842"]
[BlackFideId "14933080"]
[EventDate "2018.07.20"]

1. d4 Nf6 2. Nf3 g6 3. Nc3 d5 4. Bf4 c6 5. h3 Bg7 6. e3 O-O 7. Bd3 a6 8. O-O c5
9. Re1 Nc6 10. Bh2 Re8 11. a3 b6 12. Na4 c4 13. Bf1 Ne4 14. Nd2 f5 15. b3 Nxd2
16. Qxd2 b5 17. Nc5 e5 18. c3 Bf8 19. b4 Bxc5 20. bxc5 e4 21. a4 Bd7 22. axb5
axb5 23. Rxa8 Qxa8 24. Qb2 Qb7 25. Ra1 Rc8 26. Be2 Ra8 27. Rxa8+ Qxa8 28. Bc7
Qa4 29. Kh2 Bc8 30. f3 b4 31. cxb4 Nxb4 32. fxe4 fxe4 33. Bd1 Qb5 34. Bd6 Qb7
35. Qf2 Qf7 36. Qh4 Nc6 37. Ba4 Bd7 38. Qe1 Qe8 39. Qf2 Qd8 40. Qf4 Qe8 41. Qf2
Qd8 42. Qb2 Qa8 43. Bb5 Qc8 44. Qf2 Qd8 45. Qf1 Qe8 46. Qa1 Qc8 47. Qa4 Qe8 48.
Qa2 Qc8 49. Bxc4 dxc4 50. Qxc4+ Be6 51. d5 Bf7 52. Qxe4 Qe8 53. Qxe8+ Bxe8 54.
dxc6 Bxc6 55. g4 Kf7 56. h4 Kf6 57. Kg3 h5 58. gxh5 gxh5 59. Kf4 Bd5 60. Bc7 Bc6
61. e4 Bd7 62. Bd6 Bc6 63. Ke3 Ke6 64. Kd4 Bb5 65. Kc3 Bc6 66. Kd3 Bd7 67. Kc4
Bc6 68. e5 Bd7 69. Kd3 Bc6 70. Kd4 Bd5 71. Kc3 Kd7 72. Bf8 Ke6 73. Bg7 Kd7 74.
Kd3 Ke6 75. Kd4 Bc6 76. Kc4 Bd7 77. Bf6 Be8 78. Kd4 Bc6 79. Bd8 Bd5 80. Bc7 Bc6
81. Kc4 Be8 82. Bd6 Bd7 83. Kc3 Be8 84. Kb4 Kd5 85. Ka5 Kc6 86. e6 Kd5 87. e7
Kc6 88. Kb4 Kd5 89. Kc3 Bb5 90. Kd2 Ke4 91. Kc2 Kd4 92. Kb3 Bd7 93. Kb4 Kd5 94.
Ka5 Kc6 95. Ka6 Be8 96. Ka7 Bg6 97. Kb8 Kd7 98. Kb7 Be4+ 99. Kb6 Bg6 100. c6+
Kc8 101. Bc7 Be8 102. Bd8 Bf7 103. Kc5 Bg6 104. Kd5 Bf7+ 105. Ke5 Be8 106. Kd6
Bf7 107. c7 Bg6 108. Ke6 Be8 109. Kf6 Kd7 110. Kg7 1-0

[Event "29th Czech Open A 2018"]
[Site "Pardubice CZE"]
[Date "2018.07.27"]
[Round "8.54"]
[White "Priyanka, Nutakki"]
[Black "Lalic, Bogdan"]
[Result "1/2-1/2"]
[BlackTitle "GM"]
[WhiteElo "2180"]
[BlackElo "2394"]
[WhiteFideId "25049615"]
[BlackFideId "409081"]
[EventDate "2018.07.20"]

1. e4 c5 2. Nf3 d6 3. d4 cxd4 4. Qxd4 a6 5. c4 Nc6 6. Qd3 Nf6 7. Nc3 g6 8. Be2
Bg4 9. Nd4 Bxe2 10. Ndxe2 Bg7 11. b3 O-O 12. O-O Rb8 13. Bb2 Ne5 14. Qc2 b5 15.
cxb5 axb5 16. Nd4 Qd7 17. Qe2 b4 18. Nd5 Rfc8 19. Rac1 1/2-1/2

[Event "29th Czech Open A 2018"]
[Site "Pardubice CZE"]
[Date "2018.07.27"]
[Round "8.55"]
[White "Bruedigam, Martin"]
[Black "Kucza, Karol"]
[Result "1/2-1/2"]
[WhiteTitle "IM"]
[BlackTitle "FM"]
[WhiteElo "2387"]
[BlackElo "2308"]
[WhiteFideId "24608033"]
[BlackFideId "1159755"]
[EventDate "2018.07.20"]

1. e4 e5 2. Nf3 Nc6 3. Bc4 Bc5 4. O-O Nf6 5. d3 d6 6. c3 O-O 7. Bg5 h6 8. Bh4 a6
9. Bb3 Ba7 10. Nbd2 g5 11. Bg3 Bg4 12. h3 Bd7 13. Re1 Kh7 14. d4 Qe7 15. dxe5
dxe5 16. Nc4 Rad8 17. Ncxe5 Nxe5 18. Nxe5 Bxh3 19. Qe2 Be6 20. Bc2 Kg7 21. Rad1
Rxd1 22. Rxd1 Rd8 23. a3 c6 24. Rxd8 Qxd8 25. Nd3 Ng8 26. Nc1 Ne7 27. Nb3 Ng6
28. Nd2 1/2-1/2

[Event "29th Czech Open A 2018"]
[Site "Pardubice CZE"]
[Date "2018.07.27"]
[Round "8.56"]
[White "Rudovskii, Filipp"]
[Black "Vokac, Marek"]
[Result "0-1"]
[BlackTitle "GM"]
[WhiteElo "1944"]
[BlackElo "2384"]
[WhiteFideId "54121299"]
[BlackFideId "300101"]
[EventDate "2018.07.20"]

1. e4 g6 2. d4 Bg7 3. Be3 d6 4. Nd2 a6 5. Be2 Nf6 6. f3 Nc6 7. Nf1 e5 8. d5 Ne7
9. Qd2 c6 10. Bh6 Bxh6 11. Qxh6 Nh5 12. dxc6 Nxc6 13. Bc4 Qa5+ 14. Qd2 Qxd2+ 15.
Kxd2 Be6 16. Ne3 Nf6 17. Ne2 Bxc4 18. Nxc4 d5 19. exd5 Rd8 20. Nc3 Nxd5 21. Nxd5
Rxd5+ 22. Ke2 Ke7 23. Ne3 Rd6 24. c3 Rhd8 25. Rad1 f5 26. Rxd6 Rxd6 27. Rd1 Rxd1
28. Nxd1 Kd6 29. Kd3 Nd8 30. g3 Ne6 31. b4 Ng5 32. Ke2 b5 33. h4 Ne6 34. Nf2 h5
35. Nd3 Kd5 36. Ke3 g5 37. hxg5 Nxg5 38. Nxe5 Kxe5 39. f4+ Kf6 40. fxg5+ Kxg5
41. c4 Kg4 42. c5 Kxg3 43. Ke2 f4 44. c6 Kg2 45. c7 f3+ 46. Ke3 f2 47. c8=Q f1=Q
48. Qb7+ Kg1 49. Qxa6 Qe1+ 50. Kf3 Qf2+ 51. Ke4 h4 52. Qxb5 h3 53. Qd7 h2 54.
Qd1+ Kg2 55. Qg4+ Kf1 0-1

[Event "29th Czech Open A 2018"]
[Site "Pardubice CZE"]
[Date "2018.07.27"]
[Round "8.57"]
[White "Yelisieiev, Yevhenii"]
[Black "Nun, Jiri"]
[Result "1-0"]
[WhiteTitle "FM"]
[BlackTitle "IM"]
[WhiteElo "2379"]
[BlackElo "2306"]
[WhiteFideId "14139642"]
[BlackFideId "300179"]
[EventDate "2018.07.20"]

1. d4 Nf6 2. c4 e6 3. Nc3 b6 4. e4 c5 5. d5 d6 6. Bd3 e5 7. f4 exf4 8. Bxf4 Be7
9. Nf3 O-O 10. O-O Bg4 11. h3 Bxf3 12. Rxf3 Nbd7 13. Be2 Ne8 14. Qc2 Bf6 15.
Raf1 Be5 16. Nd1 Bxf4 17. Rxf4 Ne5 18. Ne3 g6 19. Ng4 a6 20. Qc3 Nxg4 21. Bxg4
Ra7 22. Qg3 Qg5 23. Qb3 Qd8 24. h4 Ng7 25. Qh3 h5 26. Be2 Re7 27. g4 hxg4 28.
Qxg4 Re5 29. Bd3 Qe7 30. R4f3 Rh5 31. Rh3 Re5 32. Rf2 Rh5 33. a4 a5 34. Bc2 Re5
35. Qf4 Rh5 36. Qf6 Re5 37. Rb3 Qc7 38. Rg2 Nh5 39. Qf2 Ng7 40. Qf6 Nh5 41. Qf2
Qd8 42. Rf3 Ng7 43. Rg4 Qe7 44. Qd2 Rh5 45. Qf4 Qe5 46. Qxe5 Rxe5 47. Rg5 Rxg5+
48. hxg5 Rb8 49. Kf2 Rb7 50. Kg3 Ne8 51. Kf4 Kf8 52. Bd1 Ke7 53. Rh3 Nc7 54. Rh8
Na6 55. e5 Rb8 56. Rh7 Rf8 57. Bc2 Kd8 58. exd6 Nb8 59. Bd1 Kd7 60. Ke5 Re8+ 61.
Kf6 Kxd6 62. Kxf7 Re4 63. b3 Rd4 64. Bc2 Nd7 65. Ke8 Ne5 66. Rb7 Rh4 67. Rxb6+
Kc7 68. Re6 Rh8+ 69. Ke7 Rh7+ 70. Kf6 Nd7+ 71. Kxg6 Rh2 72. Bf5 Nf8+ 73. Kf6 1-0

[Event "29th Czech Open A 2018"]
[Site "Pardubice CZE"]
[Date "2018.07.27"]
[Round "8.58"]
[White "Reuker, Jari"]
[Black "Gomes, Mary Ann"]
[Result "0-1"]
[BlackTitle "WGM"]
[WhiteElo "2377"]
[BlackElo "2284"]
[WhiteFideId "12909300"]
[BlackFideId "5013623"]
[EventDate "2018.07.20"]

1. Nf3 c5 2. c4 b6 3. g3 Bb7 4. Bg2 Nf6 5. O-O e6 6. Nc3 Be7 7. d4 cxd4 8. Qxd4
Nc6 9. Qf4 O-O 10. Rd1 d6 11. b3 Qb8 12. e4 a6 13. Ba3 Rd8 14. Rac1 b5 15. cxb5
axb5 16. Bb2 b4 17. Na4 Ra5 18. h3 Nd7 19. Qe3 Nc5 20. Nxc5 dxc5 21. Rxd8+ Qxd8
22. Ra1 Qa8 23. Qd3 Rxa2 24. Rxa2 Qxa2 25. Qd7 Qa8 26. Nd2 Qc8 27. Qd3 Ba6 28.
Qe3 e5 29. Nc4 Bxc4 30. bxc4 Qa6 31. Qb3 Nd4 32. Bxd4 cxd4 33. Bf3 Qa1+ 34. Bd1
Bc5 35. Kf1 Qc1 36. Ke2 Qh6 37. Qa4 Bf8 38. h4 Qc1 39. Qc2 Qa3 40. Qb3 Qa1 41.
Qd3 Bc5 42. Bb3 g6 43. Bc2 Kg7 44. Bb3 Qb2+ 45. Kf3 h5 46. Bc2 f6 47. Ke2 Qc3
48. Kf1 Qxd3+ 49. Bxd3 b3 50. Ke2 Bb4 51. Bb1 Kf8 52. f4 Ke7 53. Kf3 Kd6 54. g4
exf4 55. e5+ fxe5 56. Bxg6 hxg4+ 57. Kxg4 Kc5 58. Bd3 e4 59. Bxe4 Kxc4 60. Kxf4
Bd2+ 61. Kf3 d3 62. Bg6 b2 63. Bf7+ Kc3 64. Ba2 Kc2 65. Ke4 Bh6 66. Bc4 d2 0-1

[Event "29th Czech Open A 2018"]
[Site "Pardubice CZE"]
[Date "2018.07.27"]
[Round "8.59"]
[White "Skliarov, Viktor"]
[Black "Nazaryev, Sergey"]
[Result "1/2-1/2"]
[WhiteTitle "IM"]
[WhiteElo "2357"]
[BlackElo "2269"]
[WhiteFideId "14106736"]
[BlackFideId "4114191"]
[EventDate "2018.07.20"]

1. e4 c6 2. d4 d5 3. e5 Bf5 4. Nf3 e6 5. Be2 Nd7 6. O-O h6 7. Nbd2 Ne7 8. Nb3
Bh7 9. a4 Qc7 10. a5 a6 11. c4 dxc4 12. Bxc4 Nd5 13. Bd2 Be7 14. Rc1 O-O-O 15.
Qe2 Kb8 16. Ne1 Ka7 17. Nd3 Bxd3 18. Qxd3 Nb8 19. Qg3 Rhg8 20. Na1 f5 21. Qg6
Qd7 22. Nc2 Rdf8 23. f4 Qe8 24. Qg3 g5 25. Qb3 Qd8 26. Rf3 gxf4 27. Rd1 Rg4 28.
Bxd5 Qxd5 29. Qxd5 1/2-1/2

[Event "29th Czech Open A 2018"]
[Site "Pardubice CZE"]
[Date "2018.07.27"]
[Round "8.60"]
[White "Head, Louise"]
[Black "Meissner, Felix"]
[Result "1-0"]
[WhiteTitle "WFM"]
[BlackTitle "FM"]
[WhiteElo "2097"]
[BlackElo "2354"]
[WhiteFideId "424773"]
[BlackFideId "24671827"]
[EventDate "2018.07.20"]

1. d4 Nf6 2. c4 e6 3. Nf3 d5 4. Nc3 dxc4 5. e3 a6 6. a4 b6 7. Bxc4 Bb7 8. O-O
Bb4 9. Bd2 Qe7 10. Ne5 O-O 11. Nd3 Bd6 12. f3 Nbd7 13. e4 e5 14. d5 Nh5 15. g3
Nc5 16. Kg2 Nf6 17. Be3 Nxd3 18. Qxd3 Rfd8 19. Rad1 Bc8 20. g4 Nd7 21. Qd2 Nf8
22. Ne2 Ng6 23. Bg5 f6 24. Be3 Kh8 25. Kg3 f5 26. gxf5 Nf4 27. h4 b5 28. axb5
axb5 29. Bxb5 Rb8 30. Bc4 Qf6 31. b3 g5 32. Rh1 Rg8 33. h5 Bd7 34. Kg4 Rgf8 35.
Ng3 h6 36. Ra1 Bb4 37. Qf2 Ra8 38. Bc5 Bxc5 39. Qxc5 Qd6 40. Qxd6 cxd6 41. Rxa8
Rxa8 42. b4 Ng2 43. Be2 Nf4 44. Rc1 Be8 45. Rc2 Kg7 46. Bf1 Ra1 47. Rb2 Kf6 48.
b5 Ra3 49. b6 Ra8 50. b7 Rb8 51. Rb6 Ke7 52. Ba6 Bd7 53. Bb5 Bxb5 54. Rxb5 Nd3
55. f6+ Kxf6 56. Nf5 1-0

[Event "29th Czech Open A 2018"]
[Site "Pardubice CZE"]
[Date "2018.07.27"]
[Round "8.61"]
[White "Flick, Antoine"]
[Black "Suleymanli, Aydin"]
[Result "1-0"]
[WhiteTitle "FM"]
[BlackTitle "FM"]
[WhiteElo "2348"]
[BlackElo "2266"]
[WhiteFideId "26025736"]
[BlackFideId "13413937"]
[EventDate "2018.07.20"]

1. d4 Nf6 2. c4 c5 3. d5 e6 4. Nc3 exd5 5. cxd5 d6 6. e4 g6 7. h3 Bg7 8. Nf3 O-O
9. Bd3 b5 10. Nxb5 Nxe4 11. Bxe4 Qa5+ 12. Nc3 Ba6 13. Qc2 Re8 14. Kd1 Nd7 15.
Bd2 f5 16. Bd3 c4 17. Be2 Nc5 18. Re1 Rab8 19. Rb1 Qb4 20. Bf1 Rxe1+ 21. Nxe1
Nb3 22. Nd3 Qb6 23. axb3 cxd3 24. Bxd3 Bxd3 25. Qxd3 Qxf2 26. Kc2 Qxg2 27. Qe3
Be5 28. Rg1 Qh2 29. Rf1 Rc8 30. Qf3 Bd4 31. Rh1 Qf2 32. Qxf2 Bxf2 33. Bf4 Bc5
34. Re1 Kf7 35. Re6 Re8 36. Rxe8 Kxe8 37. Nb5 Ke7 38. b4 Bxb4 39. Nxa7 Kf6 40.
Nc6 1-0

[Event "29th Czech Open A 2018"]
[Site "Pardubice CZE"]
[Date "2018.07.27"]
[Round "8.62"]
[White "Stoyanov, Tsvetan"]
[Black "Humburg, Philipp"]
[Result "1-0"]
[WhiteTitle "FM"]
[WhiteElo "2348"]
[BlackElo "2225"]
[WhiteFideId "2917173"]
[BlackFideId "24656151"]
[EventDate "2018.07.20"]

1. e4 e5 2. Nf3 Nc6 3. Bc4 Bc5 4. d3 Nf6 5. a4 O-O 6. O-O d5 7. exd5 Nxd5 8. c3
a6 9. a5 Bf5 10. Re1 b5 11. axb6 Nxb6 12. Rxa6 Qd6 13. Rxa8 Rxa8 14. Bb5 Bxf2+
15. Kxf2 Qc5+ 16. d4 Qxb5 17. Na3 Qd5 18. Nxe5 Re8 19. Nf3 Rxe1 20. Qxe1 h6 21.
Qe8+ Kh7 22. Bf4 Be6 23. Bxc7 Na4 24. c4 Qe4 25. d5 Nxb2 26. dxe6 Nd3+ 27. Kf1
fxe6 28. Bg3 Ncb4 29. h4 Nc1 30. Qa4 Qe2+ 31. Kg1 Nbd3 32. Qc2 Qe4 33. Kh2 Kg8
34. Ne1 g5 35. Nxd3 Nxd3 36. hxg5 h5 37. c5 h4 38. Bd6 h3 39. gxh3 Qe3 40. c6
Nf4 41. Bxf4 Qxf4+ 42. Kg2 Qxg5+ 43. Kh1 Qe3 44. c7 Qf3+ 45. Qg2+ 1-0

[Event "29th Czech Open A 2018"]
[Site "Pardubice CZE"]
[Date "2018.07.27"]
[Round "8.63"]
[White "Horvath, Dominik"]
[Black "Nikologorsky, Matfei"]
[Result "1-0"]
[WhiteTitle "IM"]
[WhiteElo "2429"]
[BlackElo "2222"]
[WhiteFideId "1642561"]
[BlackFideId "24102474"]
[EventDate "2018.07.20"]

1. Nf3 Nf6 2. c4 g6 3. Nc3 d5 4. cxd5 Nxd5 5. h4 h5 6. g3 Bg7 7. Bg2 O-O 8. O-O
c6 9. d4 Nxc3 10. bxc3 Bf5 11. Ng5 Na6 12. e4 Bg4 13. Qb3 b5 14. f3 Bc8 15. f4
b4 16. Be3 bxc3 17. Qxc3 Nc7 18. Qxc6 Bxd4 19. Bxd4 Qxd4+ 20. Kh2 Qb6 21. Qc3
Ne6 22. Rab1 Qa6 23. f5 Nxg5 24. hxg5 Bd7 25. Qe5 Rfe8 26. Rbd1 Ba4 27. fxg6
Qxg6 28. Rd2 Qg7 29. Qa5 Bc6 30. Rdf2 Rf8 31. Qc5 Qg6 32. Qxe7 Rae8 33. Qc5 Bd7
34. Rf6 Qg7 35. g6 Be6 36. Qxh5 Re7 37. R1f4 Rb8 38. gxf7+ Bxf7 39. Qf5 Kf8 40.
e5 Rb6 41. Qc8+ Re8 42. Rxf7+ 1-0

[Event "29th Czech Open A 2018"]
[Site "Pardubice CZE"]
[Date "2018.07.27"]
[Round "8.64"]
[White "Stefansson, Hannes"]
[Black "Maltsevskaya, Aleksandra"]
[Result "1-0"]
[WhiteTitle "GM"]
[WhiteElo "2536"]
[BlackElo "2261"]
[WhiteFideId "2300087"]
[BlackFideId "24174041"]
[EventDate "2018.07.20"]

1. e4 c6 2. d4 d5 3. Nc3 dxe4 4. Nxe4 Bf5 5. Ng3 Bg6 6. h4 h6 7. Nf3 e6 8. h5
Bh7 9. Bd3 Bxd3 10. Qxd3 Nf6 11. Bd2 Be7 12. O-O-O O-O 13. Ne4 Nxe4 14. Qxe4 Qd5
15. Qg4 Kh8 16. Kb1 a5 17. Qf4 c5 18. dxc5 Qxc5 19. Bc3 Kh7 20. Qe4+ Kg8 21. Qg4
Bg5 22. Nxg5 Qxg5 23. Qxg5 hxg5 24. h6 f6 25. hxg7 Kxg7 26. Rh5 e5 27. Rdh1 Kf7
28. Rh7+ Ke6 29. Rxb7 Nd7 30. g4 Rfb8 31. Rxb8 Rxb8 32. Bxa5 Rc8 33. b3 e4 34.
Re1 Ke5 35. Bd2 f5 36. f3 Nf6 37. Bxg5 Nxg4 38. fxg4 Rg8 39. Bc1 Rxg4 40. Bb2+
Kd5 41. a4 Rg3 42. Bc1 Ke5 43. a5 f4 44. b4 Rg8 45. b5 e3 46. Bxe3 fxe3 47.
Rxe3+ Kd5 48. Rb3 1-0

[Event "29th Czech Open A 2018"]
[Site "Pardubice CZE"]
[Date "2018.07.27"]
[Round "8.65"]
[White "Kopylov, Michael"]
[Black "Perov, German"]
[Result "1-0"]
[WhiteTitle "IM"]
[WhiteElo "2426"]
[BlackElo "2256"]
[WhiteFideId "14105080"]
[BlackFideId "44111410"]
[EventDate "2018.07.20"]

1. d4 Nf6 2. Nf3 e6 3. g3 d5 4. Bg2 Be7 5. c4 O-O 6. Qc2 dxc4 7. Qxc4 c6 8. O-O
b5 9. Qd3 Bb7 10. Nc3 Nbd7 11. Nd2 Qb6 12. a4 a6 13. Nb3 e5 14. Be3 Ng4 15. dxe5
Nc5 16. Bxc5 Bxc5 17. Ne4 Bb4 18. a5 Qa7 19. Ng5 f5 20. exf6 Nxf6 21. Nd4 c5 22.
Nde6 Bxg2 23. Kxg2 c4 24. Qf5 Rfe8 25. Rfd1 Qe7 26. Nf4 h6 27. Nf3 Rac8 28. h4
Qe4 29. Qxe4 Rxe4 30. Nd4 Kf7 31. h5 Re5 32. Nf3 Rf5 33. Kh3 Nxh5 34. Kg4 g6 35.
Nxg6 Kf6 36. Ngh4 Rg8+ 37. Kh3 Rc5 38. Rd6+ Kf7 39. Rxa6 Nf6 40. Ra7+ Ke6 41.
Nd4+ Ke5 42. Nhf3+ Kd6 43. Ra6+ 1-0

[Event "29th Czech Open A 2018"]
[Site "Pardubice CZE"]
[Date "2018.07.27"]
[Round "8.66"]
[White "Vykouk, Jan"]
[Black "Ristoja, Samu"]
[Result "1-0"]
[WhiteTitle "FM"]
[WhiteElo "2419"]
[BlackElo "2239"]
[WhiteFideId "349658"]
[BlackFideId "504025"]
[EventDate "2018.07.20"]

1. e4 c5 2. Nf3 e6 3. d4 cxd4 4. Nxd4 Nc6 5. Nb5 d6 6. c4 Nf6 7. N1c3 Be7 8. Be2
a6 9. Na3 O-O 10. O-O Qc7 11. Be3 Nd7 12. Rc1 Nc5 13. Nc2 Bf6 14. Nd4 Nxd4 15.
Bxd4 Bxd4 16. Qxd4 e5 17. Nd5 exd4 18. Nxc7 Ra7 19. Rfd1 b5 20. Nd5 Nxe4 21.
Rxd4 Nc5 22. cxb5 axb5 23. Bxb5 Rxa2 24. Ne7+ Kh8 25. Rxd6 Ba6 26. Bxa6 Nxa6 27.
g3 g6 28. Rb6 Re8 29. Rb7 Nb4 30. Nxg6+ hxg6 31. Rxb4 Re2 32. Rc7 Kg8 33. Rf4
Rexb2 34. Rfxf7 Rb6 35. Kg2 Rd6 36. h4 Rb6 37. Rg7+ Kf8 38. Rcf7+ Ke8 39. Rf4
Ra1 40. Rgf7 Rb5 41. Rf8+ Ke7 42. R4f7+ Ke6 43. Rf6+ Ke7 44. R8f7+ Ke8 45. Rg7 1-0

[Event "29th Czech Open A 2018"]
[Site "Pardubice CZE"]
[Date "2018.07.27"]
[Round "8.67"]
[White "Gan-Erdene, Sugar"]
[Black "Domogaev, Sergey"]
[Result "1/2-1/2"]
[BlackTitle "GM"]
[WhiteElo "2247"]
[BlackElo "2414"]
[WhiteFideId "4902980"]
[BlackFideId "24103608"]
[EventDate "2018.07.20"]

1. e4 a6 2. d4 c5 3. Nf3 cxd4 4. Nxd4 Nf6 5. Nc3 e5 6. Nf3 Bb4 7. Bc4 O-O 8. O-O
d6 9. Nd5 Nxd5 10. Bxd5 Nc6 11. Qd3 Ba5 12. c3 Kh8 13. Qc4 Qe8 14. Ng5 Nd8 15.
Be3 Bd7 16. a4 h6 17. Nf3 Nc6 18. Qb3 Ne7 19. Qxb7 Nxd5 20. Qxd5 Bc7 21. Qc4 Bd8
22. Rfd1 Be7 23. Nd2 a5 24. b3 f5 25. exf5 Bxf5 26. Qc7 Bc2 27. Rdc1 Bd3 28. Nc4
Ra6 29. Qb7 Bxc4 30. bxc4 Rc6 31. Qb5 Qa8 32. Qd5 Qa6 33. c5 dxc5 34. Qxe5 Bf6
35. Qe4 Re6 36. Qg4 Rfe8 37. h3 Qd3 38. Rd1 Qxc3 39. Rac1 Qb4 40. Rxc5 Re4 41.
Qh5 R4e5 42. Rxe5 Rxe5 43. Qf7 Qxa4 44. Rd7 Qh4 45. Qf8+ Kh7 46. g3 Be7 47.
Qxg7+ Kxg7 48. gxh4 Kg6 49. Ra7 h5 50. Bd2 Bb4 51. Ra6+ Kf5 52. Bxb4 axb4 53.
Rb6 Re4 54. Rb5+ Kg6 55. Kg2 Rxh4 56. Kg3 Rc4 57. h4 Rg4+ 1/2-1/2

[Event "29th Czech Open A 2018"]
[Site "Pardubice CZE"]
[Date "2018.07.27"]
[Round "8.68"]
[White "Stein, Robert"]
[Black "Khaetsky, Roman"]
[Result "1-0"]
[BlackTitle "IM"]
[WhiteElo "2253"]
[BlackElo "2381"]
[WhiteFideId "12921084"]
[BlackFideId "14106221"]
[EventDate "2018.07.20"]

1. d4 Nf6 2. c4 c5 3. Nf3 cxd4 4. Nxd4 e5 5. Nb5 d5 6. cxd5 Bc5 7. N5c3 O-O 8.
g3 Ng4 9. e3 f5 10. Be2 Nf6 11. O-O a6 12. a4 Nbd7 13. Nd2 e4 14. Nc4 Nb6 15.
Nxb6 Qxb6 16. a5 Qd6 17. Na4 Rd8 18. Nxc5 Qxc5 19. Qb3 Kh8 20. Bd2 Nxd5 21. Bc4
Be6 22. Rac1 Qe7 23. Rfd1 Bg8 24. Be1 Nf6 25. Bc3 Bxc4 26. Qxc4 Ng4 27. Rxd8+
Rxd8 28. Bd4 Ne5 29. Bxe5 Qxe5 30. Qc7 Qd5 31. Kg2 g6 32. Qe7 Qd6 33. Qxb7 Rb8
34. Qa7 f4 35. Rc7 f3+ 36. Kh3 1-0